Отношение министра внутренних дел В.П. Кочубея министру народного просвещения П.В. Завадовскому о пожертвовании генерал-майором ...

Доступно только в Электронных читальных залах Найти на картеНа карте
RUSMARC
00003825nmc2a2200000 x 450
001a7099fae-3cf3-488f-8aec-f871bd96d05c
00520171114180049.0
100##$a20151130l18061806k l0rusy0189 ca
1010#$arus
102##$aRU
2001#$aОтношение министра внутренних дел В.П. Кочубея министру народного просвещения П.В. Завадовскому о пожертвовании генерал-майором М.С. Вистницким для всех училищ по экземпляру изданной им книги "Новый указатель российских дорог"
$j10 апреля 1806 г.
251##$cДело
300##$aДело
801#0$aRU
$bРГИА
$c20151130
$gRCR
801#1$aRU
$bГлавНИВЦ
$c20151130
$2rusmarc
801#2$aRU
$bПБ им. Б.Н. Ельцина
$c20171114
$gRCR
$2rusmarc
850##$aРГИА
852##$aРГИА
$eФедеральное казенное учреждение "Российский государственный исторический архив" (РГИА)
$j73
937##$hРГИА
$d12186524
$aASBIBLIO_SCAN
462#0$1001a72b6b5a-b506-4d67-873a-f622b4f5e56d
$12001
$aДела Департамента народного просвещения по цензурной части
$1251
$cОпись
$1852
$j118
461#0$1001a74412a3-3cc5-4d21-8f0a-dfe2fbd9e72d
$12001
$aДепартамент народного просвещения Министерства народного просвещения (1803-1917)
$1251
$cФонд
$1852
$j733
215##$a3 л.
$d36,5х26 см
371##$aДокумент не является опубликованным и широко распространяемым
105##$ay###
1220#$ad
035##$aa7099fae-3cf3-488f-8aec-f871bd96d05c
856##$uhttp://readingroom.main.prlib.ru/item.aspx?id_node=n108998955&mode=full
Формат отображения